ALL Death Note Adaptations - Statistics

General Stats
  • This quiz has been taken 2 times
  • The average score is 13 of 26
Answer Stats
Hint Answer % Correct
Death Note Manga Volume Vol. 1: Boredom
100%
Death Note Manga Volume Vol. 4: Love
100%
Death Note Light Novel Another Note: The Los Angles BB Murder Cases
50%
Death Note Movie Death Note 2: The Last Name (Live Action, 2006)
50%
Death Note Movie Death Note American Adaptation (Live Action, 2017)
50%
Death Note Show Death Note (Anime)
50%
Death Note Movie Death Note: Light Up the New World (Live Action, 2016)
50%
Death Note Movie Death Note (Live Action, 2006)
50%
Death Note Feature-Length Film Death Note Relight 1: Visions of A God
50%
Death Note Feature Length Film Death Note Relight 2: L's Succesors
50%
Death Note Book Death Note Short Stories
50%
Death Note Movie L: Change the WorLd Movie (Live Action, 2008)
50%
Death Note Light Novel L: Change the WorLd (Novel)
50%
Death Note Manga Volume Vol. 10: Deletion
50%
Death Note Manga Volume Vol. 11: Kindred Spirits
50%
Death Note Manga Volume Vol. 12: Finis
50%
Death Note Volume Vol. 13: How To Read
50%
Death Note Manga Volume Vol. 2: Confluence
50%
Death Note Manga Volume Vol. 3: Hard Run
50%
Death Note Manga Volume Vol. 5: Whiteout
50%
Death Note Manga Volume Vol. 6: Give-and-Take
50%
Death Note Manga Volume Vol. 7: Zero
50%
Death Note Manga Volume Vol. 8: Target
50%
Death Note Manga Volume Vol. 9: Contact
50%
Death Note Show Death Note (Live Action, 2015)
0%
Death Note Musical Death Note: The Musical (International)
0%
No matching quizzes found
Score Distribution
Percent of People with Each Score
Percentile by Number Answered
Your Score History
You have not taken this quiz